| 000 | 00845nam a2200229Ia 4500 | ||
|---|---|---|---|
| 003 | Ost | ||
| 005 | 20260507075357.0 | ||
| 008 | 260507s9999||||xx |||||||||||||| ||und|| | ||
| 040 | _cfsecg | ||
| 041 | _aara | ||
| 082 | _a330 | ||
| 100 |
_aكايد، سعود _eمؤلف |
||
| 245 | 0 |
_aمحاسبة شركات الأشخاص / _c سعود كايد |
|
| 260 |
_aعمان: _bدار زهران للنشر والتوزيع, _c2013 |
||
| 300 |
_a363 صفحة؛ _bإيضاحات ؛ _c24 سم |
||
| 504 | _aكشاف المصطلحات العلمية ص332؛ المراجع ص363 | ||
| 520 | _aتعريف شركات التضامن وخصائصها- شركات التوصية البسيطة- الشركات المحاصة | ||
| 653 | _aالشركات | ||
| 653 | _aالمحاسبة | ||
| 653 | _aمحاسبة الشركات | ||
| 942 | _cكتاب | ||
| 999 |
_c44232 _d44232 |
||